| 000 | 00000nam##2200000za#4500 |
| 001 | 9.671198 |
| 003 | CaOODSP |
| 005 | 20231123085149 |
| 007 | ta |
| 008 | 150407|2009||||xxc||||| f|0| 0 fre|d |
| 020 | |a978-0-662-06708-5 |
| 040 | |aCaOODSP|bfre |
| 041 | |aeng |
| 041 | |afre |
| 043 | |an-cn--- |
| 086 | 1 |aFR5-41/1-2009 |
| 110 | 1 |aCanada. |bAffaires étrangères et commerce international Canada. |
| 245 | 13|aLe Canada dans les Amériques - priorités et progrès |
| 260 | |aOttawa - Ontario : |bAffaires étrangères et Commerce international |cc2009. |
| 300 | |aTexte français, 22p. : |bfigures, graphiques, photographies ; |c28 cm. |
| 520 | 3 |aA pour objet de donner un aperçu des priorités et des progrès accomplis à ce jour dans la réalisation de la vision du Canada pour les Amériques. |
| 563 | |aCouverture souple |
| 590 | |a09-37|b2009-09-11 |
| 776 | 0#|tLe Canada dans les Amériques - priorités et progrès |w(CaOODSP)9.636845 |
| 776 | 0#|tCanada and the Americas - priorities and progress |w(CaOODSP)9.692578 |
| 791 | |tCanada and the Americas - priorities and progress |eeng|w(CaOODSP)9.671197 |